000 00323nam a22001337a 4500
008 170616b xxu||||| |||| 00| 0 eng d
020 _a1555876153
041 _aeng
080 _a32
100 _a20
101 _aSHP
245 _aRIGHTS AND RECONCILIATION: UN STRATEGIES IN EL SALVADOR
_cJOHNSTONE, U
942 _2udc
_cBK
999 _c17847
_d17847